Plagio Superior : cuentos /
Bewaard in:
| Hoofdauteur: | |
|---|---|
| Formaat: | Onbekend |
| Taal: | Spanish |
| Gepubliceerd in: |
Santiago, Chile :
Talleres de Arancibia Hermanos,
[fecha de publicación no identificada]
|
| Reeks: | (Colección El viento en la llama.
1) |
| Onderwerpen: | |
| Tags: |
Voeg label toe
Geen labels, Wees de eerste die dit record labelt!
|
MARC
| LEADER | 000000000a22000000004500 | ||
|---|---|---|---|
| 001 | 002803 | ||
| 041 | 0 | |a spa | |
| 082 | 0 | 4 | |a ES863.4 |b I12p |
| 100 | 1 | |a Ibarra, Cristóbal Humberto | |
| 245 | 1 | 0 | |a Plagio Superior : |b cuentos / |c Cristóbal Humberto Ibarra. |
| 260 | 1 | |a Santiago, Chile : |b Talleres de Arancibia Hermanos, |c [fecha de publicación no identificada] | |
| 300 | |a 47 páginas ; |c 15 x 10 cm. | ||
| 490 | 1 | |a (Colección El viento en la llama. |b Tercera serie ; |v 1) | |
| 650 | 4 | |a LITERATURA SALVADOREÑA | |
| 650 | 4 | |a CUENTOS | |
| 999 | |c 9157 |d 9157 | ||
| 942 | |c BK |h ES863.4 I12p |2 z | ||
